Statistiques concernant Tennis / ATP saison 2023 champions

Cliquez ici pour prendre le quiz!

Statistiques générales

  • Ce quiz a été pris 106 fois
  • Le résultat moyen est 13 sur 22

Statistiques - réponses

TournoiscatégorieChampion% Correct
Adelaide International 1 (Adélaïde, AUS)ATP 250Novak Djokovic
98%
Australian Open (Melbourne, AUS)grand chelemNovak Djokovic
98%
BNP Paribas Open (Indian Wells, USA)ATP 1000Carlos Alcaraz
95%
Argentina Open (Buenos Aires, ARG)ATP 250Carlos Alcaraz
95%
ABN AMRO Open (Rotterdam, NLD)ATP 500Daniil Medvedev
89%
Miami Open presented by Itaú (Miami, USA)ATP 1000Daniil Medvedev
89%
Dubaï Duty Free Tennis Championships (Dubaï, ARE)ATP 500Daniil Medvedev
89%
Qatar Exxonmobil Open (Doha, QAT)ATP 250Daniil Medvedev
89%
Millenium Estoril Open (Estoril, Portugal)ATP 250Casper Ruud
77%
Open Sud de France-Montpellier (Montpellier, FRA)ATP 250Jannik Sinner
71%
Rio Open presented by Claro (Rio de Janeiro, BRA)ATP 500Cameron Norrie
54%
Delray Beach Open (Delray Beach, USA)ATP 250Taylor Fritz
54%
Fayez Sarofim & Co. US Men's Clay Court Championship (Houston, USA)ATP 250Frances Tiafoe
53%
ASB Classic (Auckland, AUS)ATP 250Richard Gasquet
48%
Córdoba Open (Córdoba, ARG)ATP 250Sebastián Báez
43%
Open 13 Provence (Marseille, FRA)ATP 250Hubert Hurkacz
41%
Abierto Mexicano Telcel presentado por HSBC (Acapulco, MEX)ATP 500Alex de Minaur
39%
Movistar Chile Open (Santiago, CHL)ATP 250Nicolás Jarry
33%
Tata Open Maharashtra (Pune, IND)ATP 250Tallon Griekspoor
30%
Grand Prix Hassan II (Marrakech, Maroc)ATP 250Roberto Carballés Baena
26%
Dallas Open (Dallas, USA)ATP 250Wu Yibing
18%
Adelaide International 2 (Adélaïde, AUS)ATP 250Kwon Soon-woo
11%

Distribution des résultats

Percentile par nombre de réponses

% des personnes avec chaque résultat

Votre développement - résultats

Vous n’avez pas pris ce quiz